000 00696cam a22002413a 4500
001 19787
003 PGUSA
005 20140828083423.0
008 061115s2006||||xxu|||||s|||||000 | eng d
040 _aPGUSA
_beng
042 _adc
050 4 _aJK
050 4 _aE186
100 1 _aStamp Act Congress
_q(1765 : New York, N.Y.)
245 1 0 _aDeclaration of Rights and Grievances
_h[electronic resource] /
_cStamp Act Congress
260 _bProject Gutenberg,
_c2006
506 _aPublic domain in the USA.
516 _aElectronic text
653 _aGreat Britain. Stamp Act (1765)
830 0 _aProject Gutenberg
_v19787
856 4 0 _uhttp://www.gutenberg.org/ebooks/19787
942 _cEB
999 _c249042
_d249042